Normal view
MARC view
- Nasir, Ahmad Zohair
Entry Personal Name
001 - CONTROL NUMBER
- control field: 36008
003 - CONTROL NUMBER IDENTIFIER
- control field: NUST
005 - DATE AND TIME OF LATEST TRANSACTION
- control field: 20210312152100.0
008 - FIXED-LENGTH DATA ELEMENTS
- fixed length control field: 210312|| aca||aabn | a|a d
040 ## - CATALOGING SOURCE
- Original cataloging agency: NUST
- Transcribing agency: NUST
100 ## - HEADING--PERSONAL NAME
- Personal name: Nasir, Ahmad Zohair
670 ## - SOURCE DATA FOUND
- Source citation: Work cat.: (NUST)15088: Nasir, Ahmad Zohair , Geotechnical and Seepage Analysis of Khanpur Dam and Recommended Measures for its Safety , 2020.
